City- Systems in advanced economics (Record no. 410039)

000 -LEADER
fixed length control field 00397cam a22001457a 4500
008 - FIXED-LENGTH DATA ELEMENTS--GENERAL INFORMATION
fixed length control field 180718b1977 xxu||||| |||| 00| 0 eng d
020 ## - INTERNATIONAL STANDARD BOOK NUMBER
International Standard Book Number 0 09 129161 5
082 ## - DEWEY DECIMAL CLASSIFICATION NUMBER
Classification number J72 P912C
100 ## - MAIN ENTRY--PERSONAL NAME
Personal name Pred, Allan
245 ## - TITLE STATEMENT
Title City- Systems in advanced economics
Statement of responsibility, etc. by Allan Pred
260 ## - PUBLICATION, DISTRIBUTION, ETC.
Place of publication, distribution, etc. London
Name of publisher, distributor, etc. Hutchinson
Date of publication, distribution, etc. 1977
300 ## - PHYSICAL DESCRIPTION
Extent 256p
650 ## - SUBJECT ADDED ENTRY--TOPICAL TERM
Topical term or geographic name entry element Cities and towns --Growth.
650 ## - SUBJECT ADDED ENTRY--TOPICAL TERM
Topical term or geographic name entry element Urban economics
Holdings
Withdrawn status Lost status Damaged status Not for loan Permanent Location Current Location Date acquired Full call number Barcode Date last seen Price effective from Koha item type
        Indian Institute of Public Administration Indian Institute of Public Administration 2009-01-13 J72 P912C DA4973 2018-07-21 2018-07-21 DA

Powered by Koha